Регионална библиотека "Любен Каравелов" - Русе

Календар-сборник Светлоструй за 1930 (Запис номер 167984)

MARC детайли
000 -Лидер
Контролно поле с фиксирана дължина 02064nam a2200469 a 4500
003 - Код на организацията, давaща контролен номер
Контролно поле BLK
005 - Дата и час на последна редакция
Контролно поле 20240321113012.0
008 - Елементи от данни с фиксирана дължина
fixed length control field 180411b bul|||||r ||||||| ||bul||
010 ## - Наследен системен номер
LC control number KNG00175844000
040 ## - Източник на каталожния запис
Идентификатор на билиотеката - собственик на записа BLK
041 ## - Код за език
Код за езика на текст/звукозапис или на отделно заглавие Български
Код за езика КДБФ Български
072 #7 - Код за тематичната категория
Код организация bullib
Код за тематична категория К
Текст Краезнание
080 ## - УДК
Текстов определител УДК Алманаси. Календари. Отраслови календари се класифицират по тема с определител (059). Вж и 529
УДК код - определител по УДК 059
УДК - код + определител 059
139 ## - Редно поле
Редна дума Календар-сборник Светлоструй за 1930
Авторски знак Кал - К 16
245 10 - Сведения за заглавието
Заглавие Календар-сборник Светлоструй за 1930
Редно поле (дума) под ред. на Димитър Добрев
257 ## - Страна на издаване
Страна на създаване/издаване България
260 ## - Област на издателските данни
Място на издаване, разпространение и проч. Русе
Име на издателя, разпространителя и проч. в. Светлоструй
Година на издаване 1930
300 ## - Физическа характеристика
Страници 344 с.
Илюстрации и др. с портр.
Размери/Мащаб 17 см
380 ## - Жанр
Жанр Общ отдел
650 #4 - Допълнително описание по предмет – тема
Основно описание – тема или топоним Вестници, български - история
9 (RLIN) 255960
650 #4 - Допълнително описание по предмет – тема
Основно описание – тема или топоним Периодичен печат - България - история
9 (RLIN) 244176
650 #4 - Допълнително описание по предмет – тема
Основно описание – тема или топоним Календари
9 (RLIN) 158145
651 #4 - Допълнително описание по предмет - топоним
Географско понятие Щръклево
9 (RLIN) 179813
653 ## - Ключова дума – ненормативна
Ключова дума Светлоструй
653 ## - Ключова дума – ненормативна
Ключова дума Димитър Добрев
653 ## - Ключова дума – ненормативна
Ключова дума вестници
653 ## - Ключова дума – ненормативна
Ключова дума календари
659 ## - Тематичен бюлетин
Тематичен бюлетин К
700 ## - Други автори (авторска отговорност)
Лично име Добрев, Димитър
Друга информация Поет, писател, преводач от руски език. Основател и издател на вестник "Светлоструй"
Дати, свързани с автора 1904-1985
Пълна форма на името Димитров, Димитър Добрев
9 (RLIN) 364701
852 ## - Местоположение
Форматна сигнатура Цб І 13983
852 ## - Местоположение
Форматна сигнатура К 0/К 16
856 4# - Електронен адрес и достъп
Електронен формат pdf - файл
Инструкция (цена за достъп) 0.00
Права за достъп disable
856 4# - Електронен адрес и достъп
Електронен формат pdf - файл
Инструкция (цена за достъп) 0.00
Права за достъп Достъп само през служебен интерфейс
Име на файл Календар-сборник Светлоструй за 1930
Допълнителна информация (Корица, съдържание, пълен текст, звуков файл, HTML файл) Електронна книга
Информация за съдържанието Календар-сборник Светлоструй за 1930
999 ## - СИСТЕМНИ КОНТРОЛНИ НОМЕРА
Koha biblionumber 167984
Koha biblioitemnumber 167984
942 ## - АРТИКУЛИ
Вид на библиотечния материал Книги
Скрит в OPAC Не
Koha issues (borrowed), all copies 4
Периодичен библиозапис Да
944 ## - СЪЗДАВАНЕ И РЕДАКЦИЯ на ЗАПИСА
Създаване/Редакция Създаване
Дата на регистрацията/редакция 26.05.2015
Служител, извършил регистрацията/редакцията 30560
Статус, дата на статуса Геновева Генчева
944 ## - СЪЗДАВАНЕ И РЕДАКЦИЯ на ЗАПИСА
Създаване/Редакция Редакция
Дата на регистрацията/редакция 16.06.2015
Служител, извършил регистрацията/редакцията Валя_Йорданова
999 ## - СИСТЕМНИ КОНТРОЛНИ НОМЕРА
Koha biblioitemnumber 167984
999 ## - СИСТЕМНИ КОНТРОЛНИ НОМЕРА
Koha biblioitemnumber 167984
999 ## - СИСТЕМНИ КОНТРОЛНИ НОМЕРА
Koha biblioitemnumber 167984
999 ## - СИСТЕМНИ КОНТРОЛНИ НОМЕРА
Koha biblioitemnumber 167984
999 ## - СИСТЕМНИ КОНТРОЛНИ НОМЕРА
Koha biblioitemnumber 167984
Наличности
Код за отписване Код за изгубен артикул Източник на класификационната схема Код за повреда Коз за рестрикции Код за отдаване Артикулен № Име на библиотеката - собственик Име на библиотеката, в която се намира в момента Статус (Текущо местоположение) Дата на вписване в системата Местоположение - отдел Цена в лева Инвентарен номер Систематично азбучна сигнатура Баркод Номер на екземпляра Цена в евро Служебна бележка Служебен тип на артикула
  Не е изгубен Universal Decimal Classification Не е повреден без рестрикции ползва се в читалня 283229 Регионална библиотека "Любен Каравелов" Русе Регионална библиотека "Любен Каравелов" Русе Краезнание 1930-01-01 Краезнание 0.80 172420 К 0/К 16 120000172420 1 0.41 N: Сф Дата: 01.01.1930 Дата инв: 08.11.2017 Бележки инв: К2017 Книги
Vip Innovations Ltd, Rousse, Bulgaria 2025